Online
Catalog

Discurso / (Record no. 13037)

MARC details
000 -CABECERA
campo de control de longitud fija 00728nam a2200169 a 4500
001 - NÚMERO DE CONTROL
campo de control 000013411
005 - FECHA Y HORA DE LA ÚLTIMA TRANSACCIÓN
campo de control 20200929163225.0
008 - DATOS DE LONGITUD FIJA--INFORMACIÓN GENERAL
campo de control de longitud fija 091124s1976 dr c 000 0 spa d
040 ## - FUENTE DE LA CATALOGACIÓN
Centro catalogador/agencia de origen DO-SdBNP
Lengua de catalogación spa
Centro/agencia transcriptor BNPHU
082 ## - NÚMERO DE LA CLASIFICACIÓN DECIMAL DEWEY
Número de clasificación xxx
Número de documento/Ítem D611
049 ## - FONDOS LOCALES (OCLC)
Fondos de biblioteca BNPD
100 1# - ENTRADA PRINCIPAL--NOMBRE DE PERSONA
Nombre de persona Jiménez, Ramón Emilio
9 (RLIN) 18265
245 10 - MENCIÓN DE TÍTULO
Título Discurso /
Mención de responsabilidad, etc. Ramón Emilio Jiménez.
260 ## - PUBLICACIÓN, DISTRIBUCIÓN, ETC.
Lugar de publicación, distribución, etc. Santo Domingo :
Nombre del editor, distribuidor, etc. Secretaría de Estado de Relaciones Exteriores,
Fecha de publicación, distribución, etc. 1976.
300 ## - DESCRIPCIÓN FÍSICA
Extensión 26 p. :
Otras características físicas bretrs. ;
Dimensiones 23 cm.
500 ## - NOTA GENERAL
Nota general Discurso pronunciado por el Secretarío de Estado de Relaciones Exteriores, comodoro Ramón Emilio Jiménez hijo ante el XXXI periodo ordinario de sesiones de la Asamblea General de las Naciones Unidas, New York, 29 de Septiembre de 1976.
Holdings
Estado de retiro Estado de pérdida No para préstamo Código de colección Localización permanente Ubicación/localización actual Ubicación en estantería Fecha de adquisición Número de inventario Total de préstamos Signatura topográfica completa Código de barras Fecha visto por última vez Número de copia Precio válido a partir de Tipo de ítem Koha
    Excluido de préstamo Patrimonio Dominicano Patrimonio Dominicano Patrimonio Dominicano En catalogación 24.11.2009 LF1   xxx D611 13411-10 25.06.2020 e. 2 25.06.2020 Libro y Folleto Colección Patrimonio Dominicano
    Excluido de préstamo Patrimonio Dominicano Patrimonio Dominicano Patrimonio Dominicano En catalogación 24.11.2009 LF1   xxx D611 13411-20 25.06.2020   25.06.2020 Libro y Folleto Colección Patrimonio Dominicano

Powered by Koha